| 000 | 01593na a2200409 4500 | ||
|---|---|---|---|
| 001 | 18026 | ||
| 003 | MIRAKIL | ||
| 005 | 20181213155255.0 | ||
| 008 | 161109b tu 000 0 | ||
| 020 | _a9786053994473 | ||
| 035 | _a18026 | ||
| 040 |
_aMilas _btur _cTR-AnCHP |
||
| 041 | _atur | ||
| 082 |
_a370 _bD33 2016 |
||
| 090 | _a370 D33 2016 | ||
| 245 |
_aDeğerler eğitimi _beğitimde farklılık ve katılım hakkı _cderleyen Ayhan Kaya, Gülperi Vural, Aslı Aydın |
||
| 246 | _aEğitimde farklılık ve katılım hakkı | ||
| 260 |
_aİstanbul _bİstanbul Bilgi Üniversitesi Yayınları _c2016 |
||
| 300 |
_axxiii, 229 s. _bşkl., ; tbl.; grf. _c23 sm. |
||
| 440 |
_aİstanbul Bilgi Üniversitesi yayınları _v556 |
||
| 490 |
_aEğitim _v7 |
||
| 505 | _aAvrupa değerleri -- Öğretmen araştırması sonuçları -- Çocuklar ve demokratik eğitim -- Toplumsal cinsiyet ve eşit vatandaşlık-- Alternatif pedagojik uygulamalar | ||
| 650 |
_aEğitim sistemi _zTürkiye |
||
| 650 |
_aAlternatif eğitim _zTürkiye |
||
| 650 |
_aSuriyeli mülteciler _xEğitim _zTürkiye |
||
| 650 |
_aEğitim kurumları _xÖlçme ve değerlendirme _zTürkiye |
||
| 650 |
_aAvrupa değerleri _xEğitim ve öğretim _zTürkiye |
||
| 650 |
_aDeğerler _xEğitim ve öğretim _zTürkiye |
||
| 650 |
_aEğitim ve öğretim _zTürkiye |
||
| 700 | _aAydın, Aslı | ||
| 700 | _aVural, Gülperi | ||
| 700 | _aKaya, Ayhan | ||
| 710 | _aJean Monnet Mükemmeliyet Merkezi | ||
| 710 | _aAvrupa Birliği Enstitüsü | ||
| 830 | _aDevlet Planlama Teşkilatı Yayınları | ||
| 942 |
_2ddc _cBKS |
||
| 999 |
_c9737 _d9737 |
||